[Event "11th 4NCL Congress"]
[Site "Milton Keynes"]
[Date "2016.11.06"]
[Round "4.12"]
[White "Obi, Marc On"]
[Black "Whiteside, Robert"]
[Result "0-1"]
[WhiteElo "1851"]
[BlackElo "1803"]
[PlyCount "106"]
[EventDate "2016.11.04"]

1. e4 e6 2. d3 c5 3. g3 b6 4. Bg2 Bb7 5. Nf3 Nf6 6. O-O Be7 7. Re1 O-O 8. Nbd2
Nc6 9. e5 Ne8 10. c3 f6 11. d4 Qc8 12. Nf1 cxd4 13. cxd4 Nb4 14. Bf4 Qc2 15. a3
Qxd1 16. Rexd1 Nd5 17. N3d2 Nxf4 18. Bxb7 Ne2+ 19. Kg2 Rb8 20. Be4 Nxd4 21. Nc4
Nb3 22. Rab1 Bc5 23. Rxd7 fxe5 24. f3 Nf6 25. Rd3 Nd4 26. b4 Nxe4 27. fxe4 Be7
28. Nxe5 Rbd8 29. Ne3 Bg5 30. N3c4 Nc2 31. Rxd8 Rxd8 32. Nc6 Rd3 33. a4 Na3 34.
Rf1 Nxc4 35. Ra1 a5 36. h4 Bf6 37. Rc1 Rc3 38. Rxc3 Bxc3 39. bxa5 bxa5 40. Kf2
Kf7 41. Ke2 Nb2 42. g4 e5 43. Na7 Nxa4 44. Kd3 Bd4 45. Nc6 Nc5+ 46. Kc4 Nxe4
47. Nxa5 Nf2 48. g5 Kg6 49. Nc6 Kh5 50. Ne7 Ng4 51. g6 hxg6 52. Kd3 Ne3 53. Ke4
Nf5 0-1

[Event "11th 4NCL Congress"]
[Site "Milton Keynes"]
[Date "2016.11.06"]
[Round "4.14"]
[White "Somton, Anita"]
[Black "Homolka, Vincent O"]
[Result "1-0"]
[WhiteElo "1657"]
[BlackElo "1812"]
[PlyCount "69"]
[EventDate "2016.11.04"]

1. d4 d5 2. c4 e6 3. Nf3 c5 4. cxd5 exd5 5. g3 Nc6 6. Bg2 Nf6 7. O-O Be7 8.
dxc5 Bxc5 9. Qc2 Be7 10. Nc3 O-O 11. Rd1 Qa5 12. Be3 Rd8 13. Qb3 Qa6 14. Rac1
Bf5 15. Nd4 Na5 16. Qb5 Qxb5 17. Ncxb5 Be4 18. Nc7 Rac8 19. Bh3 Rb8 20. Nf5
Bxf5 21. Bxf5 Nc6 22. Nb5 a6 23. Nd4 Ne5 24. b3 Bd6 25. Rc2 Nfg4 26. Bg5 Re8
27. h3 Nh6 28. Bxh6 gxh6 29. Kg2 Re7 30. Rdc1 Ba3 31. Rc8+ Rxc8 32. Rxc8+ Kg7
33. e3 Bd6 34. Rd8 Bb8 35. Rxb8 1-0

[Event "11th 4NCL Congress"]
[Site "Milton Keynes"]
[Date "2016.11.06"]
[Round "4.15"]
[White "Bovtramovics, Vladimir"]
[Black "Sahinoz, Giulio O"]
[Result "1-0"]
[WhiteElo "1752"]
[BlackElo "1374"]
[PlyCount "77"]
[EventDate "2016.11.04"]

1. e4 c5 2. Nc3 Nc6 3. f4 e6 4. Nf3 Nge7 5. Bb5 g6 6. O-O Bg7 7. Kh1 O-O 8. Ne2
a6 9. Bxc6 bxc6 10. c3 d5 11. e5 Qc7 12. d4 cxd4 13. cxd4 c5 14. b3 Bb7 15. Ba3
cxd4 16. Nexd4 Rfc8 17. Rc1 Qd7 18. Rf2 Rxc1 19. Qxc1 Rc8 20. Rc2 Nf5 21. Nxf5
gxf5 22. Nd4 Rxc2 23. Qxc2 Qc8 24. Bc5 Bf8 25. b4 a5 26. a3 Ba6 27. Qc3 Qc7 28.
h3 Bxc5 29. bxc5 Bc4 30. c6 Qb6 31. Kh2 Kf8 32. Kg3 Ke7 33. Kh4 Kf8 34. Kh5 Kg7
35. g4 fxg4 36. f5 gxh3 37. f6+ Kf8 38. Qg3 Be2+ 39. Kh6 1-0

[Event "11th 4NCL Congress"]
[Site "Milton Keynes"]
[Date "2016.11.06"]
[Round "4.16"]
[White "Munshi, Aditya"]
[Black "Bishop, Geoffrey L"]
[Result "1-0"]
[WhiteElo "1710"]
[BlackElo "1729"]
[PlyCount "63"]
[EventDate "2016.11.04"]

1. e4 c5 2. Nf3 e6 3. d4 cxd4 4. Nxd4 a6 5. Nc3 Qc7 6. g3 Nc6 7. Bg2 Bc5 8. Nb3
Ba7 9. Bf4 e5 10. Nd5 Qd8 11. Be3 Bxe3 12. Nxe3 d6 13. Nc4 Ke7 14. O-O Be6 15.
Ne3 Nf6 16. Nd5+ Bxd5 17. exd5 Na5 18. Qd3 Rc8 19. Bh3 Rb8 20. Nd2 b5 21. b4
Nb7 22. a4 Qb6 23. a5 Qc7 24. Rac1 Rhe8 25. c4 bxc4 26. Rxc4 Qd8 27. Rfc1 Kf8
28. f3 Kg8 29. Rc7 Re7 30. Rc8 g6 31. Rxd8+ Nxd8 32. Qxa6 1-0

[Event "11th 4NCL Congress"]
[Site "Milton Keynes"]
[Date "2016.11.06"]
[Round "4.17"]
[White "Metcalfe, Charlie P"]
[Black "Woods, Timothy J"]
[Result "1/2-1/2"]
[WhiteElo "1536"]
[BlackElo "1716"]
[PlyCount "58"]
[EventDate "2016.11.04"]

1. d4 d6 2. Nf3 g6 3. c4 Bg7 4. Nc3 Nf6 5. e4 O-O 6. Be2 e5 7. dxe5 dxe5 8.
Qxd8 Rxd8 9. Nb5 Na6 10. Bg5 c6 11. Nc3 Re8 12. Bd3 Nc5 13. Bc2 Ne6 14. Be3 Nh5
15. O-O Nd4 16. Bxd4 exd4 17. Na4 Nf4 18. Rad1 Bg4 19. Rd2 Bxf3 20. gxf3 Re5
21. b3 c5 22. Nb2 Rh5 23. Kh1 Bh6 24. Rdd1 Re8 25. Rg1 Ree5 26. Rg4 Rh3 27. Rg3
Rh4 28. Rg4 Rh3 29. Rg3 Rh4 1/2-1/2

[Event "11th 4NCL Congress"]
[Site "Milton Keynes"]
[Date "2016.11.06"]
[Round "5.1"]
[White "Taylor, Robert K"]
[Black "Ansari, Athar"]
[Result "1/2-1/2"]
[WhiteElo "1946"]
[BlackElo "1795"]
[PlyCount "135"]
[EventDate "2016.11.04"]

1. e4 c5 2. Nf3 a6 3. c4 d6 4. d4 Bg4 5. Be2 Nc6 6. d5 Bxf3 7. Bxf3 Nd4 8. Qa4+
b5 9. cxb5 axb5 10. Qd1 g6 11. g3 Bg7 12. Bg2 Qa5+ 13. Nd2 Qa4 14. Qxa4 Rxa4
15. Kd1 Nf6 16. h3 Bh6 17. b3 Ra7 18. Bb2 O-O 19. Nf3 Nxe4 20. Nxd4 Nxf2+ 21.
Ke2 Nxh1 22. Nc6 Nxg3+ 23. Kf3 Rc7 24. Kxg3 e5 25. Bf1 b4 26. Bc4 Re8 27. a4
bxa3 28. Rxa3 Be3 29. Kf3 Bd4 30. Bxd4 exd4 31. b4 cxb4 32. Rb3 Rb7 33. Nxd4
Rc8 34. Ba6 Rbc7 35. Bxc8 Rxc8 36. Nc6 Ra8 37. Nxb4 Ra5 38. Ke4 Ra4 39. Kd3 Kg7
40. Kc4 Ra5 41. Nd3 Ra4+ 42. Kb5 Rh4 43. Nf2 Rf4 44. Rb2 Kf6 45. Kc6 h5 46.
Kxd6 Rc4 47. Re2 Kf5 48. Re7 f6 49. Rc7 Rf4 50. Rc2 g5 51. Ke7 g4 52. hxg4+
hxg4 53. d6 g3 54. Nh1 Re4+ 55. Kd7 Kf4 56. Rd2 Re1 57. Nxg3 Kxg3 58. Kc6 Re6
59. Kd5 Re5+ 60. Kc6 Re6 61. Kc7 f5 62. d7 Re7 63. Kd6 Rxd7+ 64. Kxd7 f4 65.
Ke6 f3 66. Rd3 Kg2 67. Kf5 f2 68. Rd2 1/2-1/2

[Event "11th 4NCL Congress"]
[Site "Milton Keynes"]
[Date "2016.11.06"]
[Round "5.2"]
[White "David, Ivan"]
[Black "Nwachukwu, Chino"]
[Result "1/2-1/2"]
[WhiteElo "1853"]
[BlackElo "1936"]
[PlyCount "116"]
[EventDate "2016.11.04"]

1. d4 Nf6 2. Bf4 d6 3. e3 g6 4. Be2 c5 5. c3 Bg7 6. dxc5 d5 7. Nf3 O-O 8. h3
Nbd7 9. O-O Nxc5 10. Nbd2 b6 11. Nb3 Nce4 12. Ne5 Bb7 13. Qc2 Nd7 14. Nxd7 Qxd7
15. Rfd1 Qe8 16. a4 e5 17. Bh2 Rc8 18. Qb1 Qe6 19. Nd2 Nc5 20. a5 d4 21. e4
Rcd8 22. f3 bxa5 23. Rxa5 d3 24. Bf1 Qb6 25. Nc4 Qc7 26. Qa2 a6 27. Kh1 Bc8 28.
Qa3 Nxe4 29. fxe4 Qxc4 30. Ra4 Qb5 31. Qb4 Qxb4 32. Rxb4 Rd7 33. Rxd3 Rxd3 34.
Bxd3 Rd8 35. Rb8 Bf6 36. Be2 Kg7 37. Bg1 Rd2 38. Bc4 Bd7 39. Bd5 Bg5 40. Rb7
Be8 41. g3 h5 42. h4 Bh6 43. Re7 Rd1 44. Kg2 Rd2+ 45. Kf3 Rd3+ 46. Ke2 Rd2+ 47.
Ke1 Bb5 48. c4 Ba4 49. Rxf7+ Kh8 50. Rb7 Rd1+ 51. Kf2 Rd2+ 52. Kf1 Rd1+ 53. Kf2
Rd2+ 54. Kf1 Rd1+ 55. Kf2 Bc2 56. Rf7 Rd2+ 57. Ke1 Rd1+ 58. Kf2 Rd2+ 1/2-1/2

[Event "11th 4NCL Congress"]
[Site "Milton Keynes"]
[Date "2016.11.06"]
[Round "5.3"]
[White "Whitehead, Mark A"]
[Black "Bennett, Dominic L"]
[Result "1-0"]
[WhiteElo "1930"]
[BlackElo "1967"]
[PlyCount "80"]
[EventDate "2016.11.04"]

1. e4 c5 2. Nc3 Nc6 3. g3 g6 4. Bg2 Bg7 5. d3 d6 6. Nh3 Rb8 7. O-O b5 8. f4 Nd4
9. Nd5 b4 10. a3 a5 11. axb4 axb4 12. Ne3 Nf6 13. f5 O-O 14. g4 Rb6 15. Nf4 Ra6
16. Rb1 g5 17. Ne2 Qd7 18. Ng3 Bb7 19. c3 Nc6 20. Bd2 Rfa8 21. Nd5 bxc3 22.
bxc3 h6 23. Nb6 Qd8 24. Nxa8 Qxa8 25. Qb3 Ra7 26. h3 Nd7 27. Ne2 Ba6 28. c4 Nd4
29. Nxd4 Bxd4+ 30. Kh1 Qf8 31. Bf3 Qg7 32. Kg2 e6 33. Be2 d5 34. fxe6 fxe6 35.
cxd5 c4 36. dxc4 exd5 37. exd5 Bc5 38. Bc3 Qe7 39. Qb8+ Nxb8 40. Rxb8+ Bc8 1-0

[Event "11th 4NCL Congress"]
[Site "Milton Keynes"]
[Date "2016.11.06"]
[Round "5.4"]
[White "Mccarthy, Damian"]
[Black "Williamson, Kevin J"]
[Result "1-0"]
[WhiteElo "1878"]
[BlackElo "1959"]
[PlyCount "93"]
[EventDate "2016.11.04"]

1. e4 d5 2. exd5 Qxd5 3. Nc3 Qd6 4. d4 g6 5. g3 Bg7 6. Nf3 Nf6 7. Bg2 O-O 8.
O-O c6 9. a3 Bg4 10. h3 Bxf3 11. Bxf3 Rd8 12. Be3 Na6 13. Qe2 Nc7 14. Rad1 Ncd5
15. Nxd5 cxd5 16. Bf4 Qd7 17. Kh2 Rac8 18. Be5 Ne8 19. Bxg7 Nxg7 20. Qd2 h5 21.
Be2 Qc7 22. c3 Kh7 23. Bd3 Ne6 24. Kg2 h4 25. Rfe1 Qd6 26. Re5 Kg7 27. Rde1
hxg3 28. fxg3 Rc6 29. Qe2 Rg8 30. Qf3 Qd7 31. Bb5 Qc8 32. Bxc6 bxc6 33. Qe2 Qb7
34. b4 Re8 35. Qg4 Nf8 36. h4 f6 37. R5e3 Kf7 38. h5 g5 39. Rf3 Kg7 40. h6+ Kh8
41. Qh5 Qd7 42. Qf7 e6 43. Qxf6+ Kh7 44. Qxg5 Ng6 45. Ref1 Re7 46. Rf6 Qe8 47.
Rxg6 1-0

[Event "11th 4NCL Congress"]
[Site "Milton Keynes"]
[Date "2016.11.06"]
[Round "5.5"]
[White "Ai, Farshad"]
[Black "Clegg, Robert"]
[Result "1/2-1/2"]
[WhiteElo "1950"]
[BlackElo "1791"]
[PlyCount "91"]
[EventDate "2016.11.04"]

1. c4 d6 2. g3 e5 3. Bg2 f5 4. Nc3 Nf6 5. d3 c6 6. e4 Be7 7. Nge2 O-O 8. O-O a5
9. b3 Na6 10. exf5 Bxf5 11. d4 e4 12. d5 Nc5 13. dxc6 bxc6 14. h3 h6 15. Be3
Nd3 16. Nd4 Qd7 17. Nxf5 Qxf5 18. f3 Ne5 19. fxe4 Qg6 20. Bf4 Nh5 21. Bxe5 dxe5
22. Qg4 Bc5+ 23. Kh2 Qxg4 24. hxg4 Nf6 25. Kh3 Bd4 26. Rac1 Nd7 27. Ne2 Be3 28.
Rcd1 Nc5 29. Bf3 Rfd8 30. Nc3 Nd3 31. Kg2 Rd7 32. Nd5 cxd5 33. Rxd3 d4 34. Be2
Rb7 35. Rf5 Rf8 36. Rd1 g6 37. Rxf8+ Kxf8 38. Rf1+ Ke7 39. Bd1 Bg5 40. Bc2 Rb6
41. Kf3 Rf6+ 42. Ke2 Rxf1 43. Kxf1 Kd6 44. Ke2 Kc5 45. Kd3 Kb4 46. a4 1/2-1/2

[Event "11th 4NCL Congress"]
[Site "Milton Keynes"]
[Date "2016.11.06"]
[Round "5.6"]
[White "Abbott, Mark V"]
[Black "Pink, Joshua"]
[Result "1-0"]
[WhiteElo "1856"]
[BlackElo "1935"]
[PlyCount "49"]
[EventDate "2016.11.04"]

1. d4 Nf6 2. c4 c5 3. d5 e6 4. Nc3 exd5 5. cxd5 d6 6. e4 g6 7. h3 Bg7 8. Nf3
O-O 9. Bd3 b5 10. Nxb5 Re8 11. Bg5 Ba6 12. Qa4 Qd7 13. Bxf6 Bxf6 14. O-O Bxb2
15. Rab1 Bg7 16. Nd2 Bc8 17. Bc2 Rd8 18. Nc4 Bf8 19. Rfd1 Ba6 20. e5 Bxb5 21.
Qxb5 Qxb5 22. Rxb5 a6 23. Rb7 Rd7 24. Rdb1 Rd8 25. Nb6 1-0

[Event "11th 4NCL Congress"]
[Site "Milton Keynes"]
[Date "2016.11.06"]
[Round "5.7"]
[White "Fryer, David W"]
[Black "Ireland, David J"]
[Result "1-0"]
[WhiteElo "1918"]
[BlackElo "1924"]
[PlyCount "75"]
[EventDate "2016.11.04"]

1. e4 c5 2. Nc3 Nc6 3. g3 g6 4. Bg2 Bg7 5. d3 e6 6. Be3 Nd4 7. Qd2 Ne7 8. Nce2
d6 9. c3 Ndc6 10. Bh6 Bf6 11. h4 Ng8 12. Bg5 h6 13. Bxf6 Nxf6 14. d4 cxd4 15.
cxd4 d5 16. f3 Bd7 17. e5 Nh5 18. g4 Ng7 19. Nc3 Qb6 20. Nge2 h5 21. b3 Nb4 22.
a3 Nc6 23. b4 Ne7 24. Nc1 Qd8 25. Nb3 Nc8 26. Nc5 Rb8 27. O-O-O Nb6 28. Bf1
hxg4 29. fxg4 a6 30. Bd3 Bc6 31. Qf2 Nd7 32. Rdf1 Qe7 33. Nxd7 Bxd7 34. Qf6 Rh7
35. h5 Nxh5 36. gxh5 Rxh5 37. Rxh5 gxh5 38. Rh1 1-0

[Event "11th 4NCL Congress"]
[Site "Milton Keynes"]
[Date "2016.11.06"]
[Round "5.8"]
[White "Lawson, Maurice E"]
[Black "Somton, Anita"]
[Result "1/2-1/2"]
[WhiteElo "1963"]
[BlackElo "1657"]
[PlyCount "90"]
[EventDate "2016.11.04"]

1. e4 c5 2. Nc3 Nc6 3. Bb5 d6 4. Bxc6+ bxc6 5. b3 g6 6. Bb2 Bg7 7. Nge2 e5 8.
O-O Ne7 9. Kh1 O-O 10. f4 exf4 11. Nxf4 f5 12. Rb1 d5 13. exf5 Nxf5 14. Na4
Bxb2 15. Nxb2 Qd6 16. Nbd3 Nh6 17. Qe2 Bg4 18. Qe5 Qf6 19. h3 Bf5 20. Qxf6 Rxf6
21. Nxc5 Bxc2 22. Rbc1 Nf5 23. Kh2 Nd4 24. Nfe6 Rxf1 25. Rxf1 Nxe6 26. Nxe6 Bf5
27. Nd4 Bd7 28. Rf6 Rc8 29. Rd6 Rc7 30. Ne6 Bxe6 31. Rxe6 Kf7 32. Re5 Re7 33.
Rxe7+ Kxe7 34. Kg3 Ke6 35. Kf4 Kf6 36. d4 h6 37. g4 g5+ 38. Ke3 Ke6 39. Kd3 Kd6
40. Kc3 Kc7 41. Kb4 Kb6 42. Ka4 Ka6 43. b4 Kb6 44. Kb3 Kb5 45. a3 a6 1/2-1/2

[Event "11th 4NCL Congress"]
[Site "Milton Keynes"]
[Date "2016.11.06"]
[Round "5.9"]
[White "Livesey, R  Nigel"]
[Black "Brocklehurst, Andrew"]
[Result "1-0"]
[WhiteElo "1777"]
[BlackElo "1877"]
[PlyCount "81"]
[EventDate "2016.11.04"]

1. c4 Nf6 2. g3 g6 3. Bg2 Bg7 4. Nc3 O-O 5. d3 e5 6. e4 d6 7. Nge2 Bg4 8. h3
Bxe2 9. Nxe2 c6 10. O-O d5 11. exd5 cxd5 12. Bg5 dxc4 13. Bxb7 Nbd7 14. Bxa8
Qxa8 15. dxc4 h6 16. Be3 Rd8 17. Nc3 Nc5 18. Qe2 Ne6 19. Rad1 Nd4 20. Bxd4 exd4
21. Qd3 Rd7 22. Ne2 Ne4 23. Nf4 Ng5 24. f3 Qb8 25. Kg2 Qxb2+ 26. Rf2 Qb6 27.
Rb1 Qc6 28. Rb8+ Kh7 29. Nh5 Re7 30. Nxg7 Re3 31. Qxd4 Rxf3 32. Qd5 Rxf2+ 33.
Kxf2 Qf6+ 34. Nf5 gxf5 35. Qd8 Ne4+ 36. Kg2 Qg7 37. Qc7 a5 38. Rb7 Kg6 39. Rb6+
Kh7 40. Qf4 Qd4 41. Qxh6+ 1-0

[Event "11th 4NCL Congress"]
[Site "Milton Keynes"]
[Date "2016.11.06"]
[Round "5.10"]
[White "Whiteside, Robert"]
[Black "Sheremetyeva, Elizaveta"]
[Result "0-1"]
[WhiteElo "1803"]
[BlackElo "1707"]
[PlyCount "56"]
[EventDate "2016.11.04"]

1. e4 c6 2. d4 d5 3. exd5 cxd5 4. c4 Nf6 5. Nc3 Nc6 6. Bg5 e6 7. Nf3 Be7 8. c5
O-O 9. Bd3 a6 10. Na4 Qc7 11. Bh4 e5 12. Bg3 Qa5+ 13. Nd2 e4 14. Nb6 Ra7 15.
Bc7 exd3 16. Nxd5 Qb5 17. Nxe7+ Nxe7 18. Bb6 Ra8 19. O-O Nc6 20. Nb3 Be6 21.
Nc1 Qxb2 22. Nxd3 Qxd4 23. Re1 Nd7 24. Qf3 Nxb6 25. cxb6 Qxb6 26. Nf4 Rae8 27.
Nh5 Qd4 28. Rad1 Bg4 0-1

[Event "11th 4NCL Congress"]
[Site "Milton Keynes"]
[Date "2016.11.06"]
[Round "5.11"]
[White "Goodfellow, Russell R"]
[Black "See, Tristian"]
[Result "1-0"]
[WhiteElo "1925"]
[BlackElo "1514"]
[PlyCount "61"]
[EventDate "2016.11.04"]

1. e4 c5 2. Nf3 d6 3. d4 cxd4 4. Nxd4 Nf6 5. Nc3 g6 6. Be3 Bg7 7. f3 Nc6 8. Nb3
Be6 9. Nd5 Rc8 10. c4 b6 11. Qd2 O-O 12. Be2 h5 13. Bg5 Qd7 14. Rc1 Rfe8 15.
O-O Nh7 16. Be3 Bxd5 17. exd5 Ne5 18. h3 Qa4 19. Nd4 Nd7 20. b3 Qa3 21. Rc2
Bxd4 22. Bxd4 Ndf6 23. Bd3 b5 24. g4 bxc4 25. bxc4 hxg4 26. fxg4 Nd7 27. Rc3
Qa5 28. Qh6 Ne5 29. Rxf7 Nf3+ 30. Kh1 Qxa2 31. Qxh7# 1-0

[Event "11th 4NCL Congress"]
[Site "Milton Keynes"]
[Date "2016.11.06"]
[Round "5.12"]
[White "Bovtramovics, Vladimir"]
[Black "Munshi, Aditya"]
[Result "0-1"]
[WhiteElo "1752"]
[BlackElo "1710"]
[PlyCount "60"]
[EventDate "2016.11.04"]

1. e4 c5 2. Nc3 Nc6 3. f4 g6 4. Nf3 Bg7 5. Bb5 Nd4 6. O-O a6 7. Bd3 d6 8. Nxd4
cxd4 9. Ne2 Nf6 10. h3 e5 11. b3 O-O 12. Bb2 b5 13. g4 Bb7 14. Ng3 exf4 15.
Rxf4 Nd7 16. Qe1 Be5 17. Rf3 Nc5 18. Qf2 Ne6 19. Kg2 Ng5 20. Rf4 d5 21. Rf1
dxe4 22. Bxe4 Nxe4 23. Nxe4 Bxf4 24. Qxf4 f5 25. Kg1 fxe4 26. Qe5 Rxf1+ 27.
Kxf1 Qf8+ 28. Kg1 Qg7 29. Qe6+ Qf7 30. Qe5 e3 0-1

[Event "11th 4NCL Congress"]
[Site "Milton Keynes"]
[Date "2016.11.06"]
[Round "5.13"]
[White "Woods, Timothy J"]
[Black "Obi, Marc On"]
[Result "1-0"]
[WhiteElo "1716"]
[BlackElo "1851"]
[PlyCount "61"]
[EventDate "2016.11.04"]

1. e4 g6 2. d4 Bg7 3. Nc3 d6 4. Nf3 a6 5. a4 b6 6. Bc4 e6 7. O-O Ne7 8. Re1 Nd7
9. Bg5 h6 10. Be3 Bb7 11. Qd2 g5 12. d5 e5 13. b4 f5 14. Bxg5 hxg5 15. Nxg5 Bh6
16. exf5 Nxf5 17. f4 Bxg5 18. fxg5 Nf8 19. Ne4 Kd7 20. Qf2 Nh4 21. g3 Nhg6 22.
Qf5+ Ke8 23. Nf6+ Kf7 24. Nh5+ Kg8 25. Nf6+ Kg7 26. g4 Nf4 27. Rxe5 Nh7 28.
Qxf4 Nf8 29. Nh5+ Rxh5 30. gxh5 Ng6 31. hxg6 1-0

[Event "11th 4NCL Congress"]
[Site "Milton Keynes"]
[Date "2016.11.06"]
[Round "5.15"]
[White "Bishop, Geoffrey L"]
[Black "Sahinoz, Giulio O"]
[Result "1-0"]
[WhiteElo "1729"]
[BlackElo "1374"]
[PlyCount "129"]
[EventDate "2016.11.04"]

1. e4 c5 2. Nf3 d6 3. Bb5+ Bd7 4. Bxd7+ Nxd7 5. O-O e6 6. c4 Ngf6 7. Nc3 Be7 8.
d4 cxd4 9. Nxd4 Nc5 10. Re1 e5 11. Nf5 O-O 12. Bg5 Qc7 13. Bxf6 Bxf6 14. Nb5
Qc6 15. Qxd6 Qxd6 16. Nbxd6 g6 17. Nh6+ Kg7 18. Ng4 b6 19. Rad1 Rfd8 20. f3 Ne6
21. Nb5 a6 22. Nc3 Nd4 23. Nd5 Bh4 24. Re3 Nc6 25. Red3 h5 26. Nge3 Bg5 27. Kf2
Rab8 28. a3 Nd4 29. Nc7 a5 30. Nb5 Nxb5 31. Rxd8 Rxd8 32. Rxd8 Bxd8 33. cxb5
Kf6 34. Nd5+ Ke6 35. Ke3 Kd6 36. b4 axb4 37. axb4 Ke6 38. g3 f5 39. f4 fxe4 40.
Kxe4 exf4 41. Nxf4+ Kf6 42. h3 g5 43. Nxh5+ Kg6 44. g4 Be7 45. Ng3 Bxb4 46. Ne2
Kf6 47. Nd4 Bc5 48. Kd5 Bb4 49. Nf3 Bc3 50. Kc6 Ba5 51. Nd4 Ke5 52. Nb3 Be1 53.
Kxb6 Kf4 54. Nd4 Kg3 55. Kc6 Bf2 56. Ne6 Kxh3 57. Nxg5+ Kxg4 58. Ne4 Bg1 59.
Nc5 Kf5 60. b6 Kf6 61. b7 Bh2 62. Kd7 Bb8 63. Kc8 Ba7 64. Na6 Ke6 65. Nc7+ 1-0